000 00722nam a22001695i 4500
001 164629
003 ES-MaACL
005 20230906212955.0
008 020207s1878 sp |||| | spa d
040 _aCAM
_bspa
_cCAM
100 1 _aSánchez-Arjona, José.
_9133051
245 1 0 _aVivir muriendo
_b: drama en tres actos y en verso /
_coriginal de José Sanchez-Arjona.
260 _aMadrid :
_b[s.n.],
_c1878 (
_fImprenta de Fortanet)
300 _aVI, [2], 69 p. ;
_c19 cm.
596 1 _aAl v. de port. consta : "... Administracion Lírico-Dramática de Don Eduardo Hidalgo..."
852 _aES-MaACL
_jT-366-F-8
_z-- Enc. hol.
_z-- Dedic. ms. del autor a la biblioteca del Ateneo de Madrid
_z-- Enc. en un vol. facticio
999 _c164629
_d164629